Corporate social accounting
Guardat en:
| Autor principal: | |
|---|---|
| Format: | Llibre |
| Idioma: | anglès |
| Publicat: |
Nueva York
John Wiley
1976
|
| Matèries: | |
| Etiquetes: |
Afegir etiqueta
Sense etiquetes, Sigues el primer a etiquetar aquest registre!
|
MARC
| LEADER | 00000nam a2200000 a 4500 | ||
|---|---|---|---|
| 001 | UCX0243 | ||
| 003 | CL-VaPUC | ||
| 008 | 890831e19760000US |||||||||||||||||eng|d | ||
| 082 | 0 | 4 | |a 658.408 |b EST |2 21 |
| 100 | 0 | |a Estes, Ralph |e author |9 315626 | |
| 245 | 1 | 0 | |a Corporate social accounting |
| 300 | |a 166 p | ||
| 942 | |c BK | ||
| 945 | |d 19890831 00:00:00 | ||
| 260 | |a Nueva York |b John Wiley |c 1976 | ||
| 650 | 7 | |a INDUSTRIA |2 CL-VaPUC |9 315110 | |
| 650 | 0 | |a Aspectos sociales |9 254894 | |
| 650 | 0 | |a Análisis de costos |9 315627 | |
| 583 | |a last modification |c 19890831 00:00:00 |k Rodrigo Vera | ||
| 999 | |c 221906 |d 221904 | ||
| 952 | |0 0 |1 0 |4 0 |6 658_408000000000000_EST_1976 |7 0 |8 A |9 215945 |a BIBENE |b BIBENE |d 2019-11-15 |i 2845172 |o 658.408 EST 1976 |p 2845172 |r 2025-01-15 |w 2019-11-15 |y BK |k ICO | ||